| 000 | 01048nam a2200289 i 4500 | ||
|---|---|---|---|
| 001 | 190675 | ||
| 003 | ES-MaACL | ||
| 005 | 20240229063327.0 | ||
| 008 | 220429s2020 sp 000 0bspa | ||
| 020 | _a978-84-18079-49-8 | ||
| 080 | _a929 Ojeda Escudero, Pedro | ||
| 080 | _a614.46:351.778(460) | ||
| 100 | 1 |
_aOjeda Escudero, Pedro _9159412 |
|
| 245 | 1 | 3 |
_aLa metáfora del mirlo / _cPedro Ojeda Escudero. |
| 250 | _a1ª ed. | ||
| 260 |
_a[León] : _bEditores descabezados : _bEolas & Menoslobos, _c2020. |
||
| 300 |
_a183 p. ; _c21 cm. |
||
| 490 | 1 | _aNarraciones de un naúfrago | |
| 600 | 1 | 4 |
_aOjeda Escudero, Pedro _9159412 |
| 650 | 4 |
_aConfinamiento (Política sanitaria) _9174408 |
|
| 830 | 1 |
_aNarraciones de un naúfrago _9225932 |
|
| 852 | 4 |
_aES-MaACL _jA-14949 _9197856 _bR.153038 _cDEPO1 _dOlim: N-7949 _g Dedicatoria autógrafa del autor _hDonación: Pedro Ojeda Escudero |
|
| 903 |
_aOjeda Escudero, Pedro _ednr _9159412 |
||
| 942 |
_2udc _cMONOGRAFIA |
||
| 999 |
_c190675 _d190675 |
||